02861njm a2200493Ia 450000100060000000300090000600500170001500800410003204000130007304000130008604100120009910000110011110000180012210000380014024500190017825000110019726000080020826000650021630000100028150000160029150501930030765000450050070000600054570000950060570000770070070001070077770001190088470000830100370000710108670000920115770000760124970001050132570000840143070000910151470000700160570000980167570000890177370000740186270001010193670000890203770000740212670000840220070000830228487497IT-RoPAU20220918181119.0131025s9999 xx 000 0 und d aIT-RoPAU cIT-RoPAU aINGLESE aAA.VV. eAutore musica gCodice autore musica SPICS: 12000 aPrivate Dancer a1a ed. aUSA bCAPITOL RECORDSc1984 [1a Ed.:1984 - Ed. Lingua Orig.: 1984] aDISCO aMusica pop. aI Might Have Been Queen - What's Love Got To Do With It - Show Some Respect - I Can't Stand the Rain - Private Dancer- Let's Stay Together - Better Be Good To Me - Steel Claw - Help - 1984 aPOP [DISCHI]eCodice MATERIA SPICS: 9950 aTurner TinagCodice interprete SPICS: 13173eInterprete aObstoj JennettegCodice autore musica SPICS: 31058eAutore musicapI Might Have Been Queen aHine RupertgCodice autore SPICS: 31059eAutorepI Might Have Been Queen aWest-Oram JamiegCodice autore testo/musica SPICS: 31060eAutore testo/musicapI Might Have Been Queen aBritten TerrygCodice autore musica SPICS: 21776eAutore musicapWhat's Love Got To Do With It - Show Some Respect aLyle GrahamgCodice autore SPICS: 25638eAutorepWhat's Love Got To Do With It aShifrin SuegCodice autore SPICS: 31061eAutorepShow Some Respect aBryant DonaldgCodice autore musica SPICS: 31062eAutore musicapI Can't Stand the Rain aPeebles AnngCodice autore SPICS: 31063eAutorepI Can't Stand the Rain aMiller BernardgCodice autore testo/musica SPICS: 31064eAutore testo/musicapI Can't Stand the Rain aKnopfler MarkgCodice autore musica SPICS: 11393eAutore musicapPrivate Dancer aMitchell WilliegCodice autore musica SPICS: 31065eAutore musicapLet's Stay Together aGreen AlgCodice autore SPICS: 31066eAutorepLet's Stay Together aJackson AlgCodice autore testo/musica SPICS: 31067eAutore testo/musicapLet's Stay Together aChapman MikegCodice autore musica SPICS: 24546eAutore musicapBetter Be Good To Me aChinn NickygCodice autore SPICS: 24547eAutorepBetter Be Good To Me aKnight HollygCodice autore testo/musica SPICS: 31068eAutore testo/musicapBetter Be Good To Me aBrady PaulgCodice autore testo/musica SPICS: 31069eAutore testo/musicapSteel Claw aMcCartney PaulgCodice autore musica SPICS: 8084eAutore musicapHelp aLennon JohngCodice autore testo/musica SPICS: 13133eAutore testo/musicapHelp aBowie DavidgCodice autore testo/musica SPICS: 8891eAutore testo/musicap1984